000 00755nam a2200289Ia 4500
005 20260324125738.0
008 008 260324s9999 xx 000 0 eng d
020 _a9780203837696
037 _aEBOOK
040 _aCRL
040 _beng
040 _cCRL
041 _2eng
041 _aeng
084 _qCRL
100 _aSarah Cummins-Sebree; Michael A. Riley; Kevin Shockley
_91179152
245 0 _aStudies in Perception and Action IX
245 0 _bFourteenth International Conference on Perception and Action
260 _bTaylor and Francis
260 _c2008
365 _a
365 _b300
856 _uhttp://www.taylorfrancis.com/books/9780203837696
942 _cEBOOK
999 _c1774692
_d1774692